Top 20 Most Common Welsh Surnames - Statistics

General Stats
  • This quiz has been taken 224 times
  • The average score is 10 of 20
Answer Stats
Rank Starts with Surname % Correct
1 J Jones
99%
2 W Williams
92%
3 D Davies
82%
5 T Thomas
78%
4 E Evans
77%
6 R Roberts
65%
11 E Edwards
61%
12 S Smith
57%
16 O Owen
56%
7 L Lewis
51%
13 J James
48%
8 H Hughes
46%
9 M Morgan
42%
10 G Griffiths
39%
15 J Jenkins
35%
18 P Phillips
31%
17 P Price
26%
14 R Rees
24%
20 D Driscoll
7%
19 M Moss
6%
No matching quizzes found
Score Distribution
Percent of People with Each Score
Percentile by Number Answered
Your Score History
You have not taken this quiz